ARRUPE JESUIT UNIVERSITY

CORONAVIRUS -STOP THE SPREAD - CLEAN,DISINFECT,COVER

Vet in harness / (Record no. 122159)

MARC details
000 -LEADER
fixed length control field 00755cam a2200265 i 4500
001 - CONTROL NUMBER
control field 2239561
003 - CONTROL NUMBER IDENTIFIER
control field ARRUPE
005 - DATE AND TIME OF LATEST TRANSACTION
control field 20150220141406.0
008 - FIXED-LENGTH DATA ELEMENTS--GENERAL INFORMATION
fixed length control field 760910s1976 enk 000 0beng
010 ## - LIBRARY OF CONGRESS CONTROL NUMBER
LC control number 76374171
015 ## - NATIONAL BIBLIOGRAPHY NUMBER
National bibliography number GB76-05826
020 ## - INTERNATIONAL STANDARD BOOK NUMBER
International Standard Book Number 0330246631 :
Terms of availability £0.60
040 ## - CATALOGING SOURCE
Original cataloging agency DLC
Transcribing agency DLC
Modifying agency DLC
043 ## - GEOGRAPHIC AREA CODE
Geographic area code e-uk-en
050 00 - LIBRARY OF CONGRESS CALL NUMBER
Classification number SF613.H44
Item number A38 1975
082 00 - DEWEY DECIMAL CLASSIFICATION NUMBER
Classification number 636.089/092/4
-- B
300 ## - PHYSICAL DESCRIPTION
Dimensions 18 cm.
100 1# - MAIN ENTRY--PERSONAL NAME
Personal name Herriot, James.
9 (RLIN) 15453
245 10 - TITLE STATEMENT
Title Vet in harness /
Statement of responsibility, etc James Herriot.
260 ## - PUBLICATION, DISTRIBUTION, ETC. (IMPRINT)
Place of publication, distribution, etc London :
Name of publisher, distributor, etc Pan Books,
Date of publication, distribution, etc 1975.
300 ## - PHYSICAL DESCRIPTION
Extent 252 p. ;
600 10 - SUBJECT ADDED ENTRY--PERSONAL NAME
Personal name Herriot, James.
9 (RLIN) 15454
650 #0 - SUBJECT ADDED ENTRY--TOPICAL TERM
Topical term or geographic name as entry element Veterinarians
Geographic subdivision England
-- Yorkshire
General subdivision Biography.
9 (RLIN) 15455
906 ## - LOCAL DATA ELEMENT F, LDF (RLIN)
a 7
b cbc
c orignew
d 3
e ncip
f 19
g y-gencatlg
942 ## - ADDED ENTRY ELEMENTS (KOHA)
Source of classification or shelving scheme Library of Congress Classification
Koha item type Monograph ( Printed materials)
Holdings
Withdrawn status Lost status Source of classification or shelving scheme Damaged status Not for loan Collection code Home library Current library Shelving location Date acquired Total Checkouts Full call number Barcode Date last seen Price effective from Koha item type
    Library of Congress Classification     Main Collection ARRUPE LIBRARY ARRUPE LIBRARY Main Collection 20/02/2015   SF613.H44 A38 1975 46500000994 11/09/2019 20/02/2015 Monograph ( Printed materials)

 

Arrupe Library. PO Box MP320 Mt Pleasant, Harare, Zimbabwe
263 242 745411|librarian@aju.ac.zw